书目信息 |
| 题名: |
理念与制度
|
|
| 作者: | 王晓辉 , 刘敏 主编 | |
| 分册: | ||
| 出版信息: | 济南 山东教育出版社 2015.11 |
|
| 页数: | 295页 | |
| 开本: | 24cm | |
| 丛书名: | ||
| 单 册: | ||
| 中图分类: | G40-059.3 | |
| 科图分类: | ||
| 主题词: | 比较教育学--bi jiao jiao yu xue | |
| 电子资源: | ||
| ISBN: | 978-7-5328-9160-3 | |
| 000 | 00900nam0 2200253 450 | |
| 001 | 0104125645 | |
| 005 | 20201104125714.0 | |
| 010 | @a978-7-5328-9160-3@dCNY38.00 | |
| 100 | @a20160108e20192015em y0chiy50 ea | |
| 101 | 0 | @achi@eeng |
| 102 | @aCN@b370000 | |
| 105 | @ay z 000yy | |
| 106 | @ar | |
| 200 | 1 | @a理念与制度@Ali nian yu zhi du@e现代大学治理@f王晓辉, 刘敏主编 |
| 210 | @a济南@c山东教育出版社@d2015.11@h2019.05 | |
| 215 | @a295页@d24cm | |
| 300 | @a中国比较教育研究50年 | |
| 330 | @a本书选编了《比较教育研究》杂志历年来与现代大学治理相关的代表性的文章,这些文章的作者针对不同国家的政治和文化背景,分别介绍与分析了不同国家大学治理的特点。 | |
| 606 | 0 | @a比较教育学@Abi jiao jiao yu xue |
| 690 | @aG40-059.3@v5 | |
| 701 | 0 | @a王晓辉@Awang xiao hui@f(1952.5-)@4主编 |
| 701 | 0 | @a刘敏@Aliu min@c(女)@4主编 |
| 801 | 0 | @aCN@bBJSZM@c20201104 |
| 905 | @b1261842-5@dG40-059.3@e1128@f4 | |
| 理念与制度:现代大学治理/王晓辉, 刘敏主编.-济南:山东教育出版社,2015.11(2019.05) |
| 295页;24cm |
| 中国比较教育研究50年 |
| ISBN 978-7-5328-9160-3:CNY38.00 |
| 本书选编了《比较教育研究》杂志历年来与现代大学治理相关的代表性的文章,这些文章的作者针对不同国家的政治和文化背景,分别介绍与分析了不同国家大学治理的特点。 |
| ● |
| 相关链接 |
|
|
|
|
正题名:理念与制度
索取号:G40-059.3/1128
 
预约/预借
| 序号 | 登录号 | 条形码 | 馆藏地/架位号 | 状态 | 备注 |
| 1 | 1261842 | 212618425 | 第一样本阅览室/ [索取号:G40-059.3/1128] | 在馆 | |
| 2 | 1261843 | 212618434 | 教育系资料室/ [索取号:G40-059.3/1128] | 在馆 | |
| 3 | 1261844 | 212618443 | 教育系资料室/ [索取号:G40-059.3/1128] | 在馆 | |
| 4 | 1261845 | 212618452 | 第四借阅区/ [索取号:G40-059.3/1128] | 在馆 |